[Event "Titled Tuesday intern op 04th Mar Early"]
[Site "Chess.com INT"]
[Date "2025.03.04"]
[Round "4"]
[White "Bykovskiy, Oleg"]
[Black "Alahakoon, Isuru"]
[Result "1-0"]
[WhiteElo "2206"]
[BlackElo "1935"]
[PlyCount "105"]
[EventDate "2025.03.04"]
[EventType "swiss (blitz)"]
[EventRounds "11"]
[EventCountry "USA"]
[SourceTitle "CB11_2025"]
[SourceDate "2025.03.12"]
[SourceVersion "1"]
[SourceVersionDate "2025.03.12"]
[SourceQuality "1"]

1. d4 d5 2. c4 e6 3. cxd5 exd5 4. Nc3 c6 5. Bf4 Nf6 6. e3 Bd6 7. Bxd6 Qxd6 8. Bd3 0-0 9. Nge2 Re8 10. 0-0 Ng4 11. Ng3 Qh6 12. h3 Nxe3 13. fxe3 Qxe3+ 14. Kh2 Be6 15. Qf3 Qxd4 16. Rad1 Qe5 17. Rde1 Qd6 18. Qf4 Qxf4 19. Rxf4 Nd7 20. Ref1 g6 21. Nge2 Nc5 22. Bc2 Rad8 23. Nd4 Re7 24. Re1 Rde8 25. Nxe6 Nxe6 26. Rb4 f5 27. a4 d4 28. Nb1 c5 29. Rb5 a6 30. Rb6 c4 31. Na3 d3 32. Bd1 c3 33. bxc3 Nc5 34. Rxe7 Rxe7 35. Nc4 Re1 36. Bf3 Nxa4 37. Rxb7 Nxc3 38. Rd7 Ne4 39. Rxd3 Rc1 40. Rd8+ Kg7 41. Ne5 Nf2 42. Kg3 Nh1+ 43. Kf4 h6 44. Rd7+ Kf6 45. Rd6+ Ke7 46. Rxg6 Nf2 47. Kxf5 Rc5 48. Rxa6 Nd3 49. Re6+ Kf8 50. Kf6 Nf4 51. Nd7+ Kg8 52. Re8+ Kh7 53. Be4+ 1-0

[Event "Titled Tuesday intern op 04th Mar Early"]
[Site "Chess.com INT"]
[Date "2025.03.04"]
[Round "1"]
[White "Bykovskiy, Oleg"]
[Black "Wilk, Igor"]
[Result "1-0"]
[WhiteElo "2206"]
[BlackElo "2152"]
[PlyCount "87"]
[EventDate "2025.03.04"]
[EventType "swiss (blitz)"]
[EventRounds "11"]
[EventCountry "USA"]
[SourceTitle "CB11_2025"]
[SourceDate "2025.03.12"]
[SourceVersion "1"]
[SourceVersionDate "2025.03.12"]
[SourceQuality "1"]

1. d4 d5 2. c4 e5 3. cxd5 Qxd5 4. dxe5 Bb4+ 5. Nc3 Qxe5 6. Bd2 Nc6 7. Nf3 Qe7 8. a3 Bxc3 9. Bxc3 Nf6 10. e3 0-0 11. Bb5 Bd7 12. 0-0 Rfe8 13. Qb3 a6 14. Be2 b5 15. Rfd1 Rad8 16. Rac1 Be6 17. Qc2 Nb8 18. Be5 Rxd1+ 19. Rxd1 c5 20. Bd6 Qb7 21. Qxc5 Nbd7 22. Qb4 Rc8 23. h3 h6 24. Nd4 Bc4 25. Bf3 Qb6 26. Nf5 Re8 27. Qd2 Ne5 28. Bxe5 Rxe5 29. Nd4 Re7 30. Qb4 Rd7 31. Rc1 a5 32. Qc3 Bd5 33. Bxd5 Nxd5 34. Qc8+ Rd8 35. Qc5 Qf6 36. Qxb5 Nf4 37. Nf3 Nd3 38. Rd1 Qg6 39. Qxa5 Kh7 40. Qxd8 Nxb2 41. Rc1 Nd3 42. Rc8 Qf6 43. Qxf6 gxf6 44. a4 1-0

[Event "Titled Tuesday intern op 04th Mar Early"]
[Site "Chess.com INT"]
[Date "2025.03.04"]
[Round "9"]
[White "Trifonov, Denis"]
[Black "Bykovskiy, Oleg"]
[Result "0-1"]
[WhiteElo "2163"]
[BlackElo "2206"]
[PlyCount "135"]
[EventDate "2025.03.04"]
[EventType "swiss (blitz)"]
[EventRounds "11"]
[EventCountry "USA"]
[SourceTitle "CB11_2025"]
[SourceDate "2025.03.12"]
[SourceVersion "1"]
[SourceVersionDate "2025.03.12"]
[SourceQuality "1"]

1. e4 Nf6 2. e5 Nd5 3. d4 d6 4. c4 Nb6 5. f4 dxe5 6. fxe5 Bf5 7. Nc3 e6 8. Be3 Bb4 9. Be2 c5 10. Nf3 Nc6 11. a3 cxd4 12. Bxd4 Nxd4 13. Qxd4 Qxd4 14. Nxd4 Bxc3+ 15. bxc3 Be4 16. Nb5 0-0 17. 0-0 Na4 18. Rad1 a6 19. Nd6 Nxc3 20. Nxe4 Nxe4 21. Rd7 Nc5 22. Rc7 Rac8 23. Rfxf7 Rxc7 24. Rxc7 b6 25. Rc6 Rb8 26. Bg4 Kf7 27. Rc7+ Kg6 28. Re7 Rd8 29. Bxe6 Rd1+ 30. Kf2 Rd2+ 31. Kf1 Ne4 32. Bd5 Rd1+ 33. Ke2 Nc3+ 34. Ke3 Nxd5+ 35. cxd5 Rxd5 36. Re6+ Kf5 37. Rxb6 Rxe5+ 38. Kf3 Ra5 39. Rb3 g5 40. h3 h5 41. g4+ hxg4+ 42. hxg4+ Ke5 43. Re3+ Kf6 44. Rc3 Ra4 45. Kg3 Ke5 46. Rb3 Kd4 47. Rf3 Kc5 48. Rf5+ Kd6 49. Rxg5 Rxa3+ 50. Kf4 Ra4+ 51. Ke3 Ra3+ 52. Kd4 Ra4+ 53. Kc3 Ke6 54. Kb3 Ra1 55. Rg6+ Kf7 56. Rb6 Rb1+ 57. Ka4 Rxb6 58. Ka5 Rg6 59. g5 Ke7 60. Ka4 Kd7 61. Ka5 Kc7 62. Kb4 Rxg5 63. Kc4 Kc6 64. Kd4 a5 65. Ke4 a4 66. Kf4 Rd5 67. Ke4 a3 68. Ke3 0-1

[Event "Titled Tuesday intern op 28th Jan Early"]
[Site "Chess.com INT"]
[Date "2025.01.28"]
[Round "6"]
[White "Bykovskiy, Oleg"]
[Black "Chakrabarti, Brejesh"]
[Result "0-1"]
[WhiteElo "2206"]
[BlackElo "2259"]
[PlyCount "66"]
[EventDate "2025.01.28"]
[EventType "swiss (blitz)"]
[EventRounds "11"]
[EventCountry "USA"]
[SourceTitle "CB06_2025"]
[SourceDate "2025.02.05"]
[SourceVersion "1"]
[SourceVersionDate "2025.02.05"]
[SourceQuality "1"]

1. d4 Nf6 2. c4 g6 3. Nc3 Bg7 4. Bg5 0-0 5. Nf3 d6 6. e3 Nbd7 7. Be2 e5 8. 0-0 h6 9. Bh4 c6 10. Qc2 Qe7 11. Rad1 Re8 12. dxe5 dxe5 13. a3 a5 14. Ne4 g5 15. Bg3 Nxe4 16. Qxe4 Nc5 17. Qc2 a4 18. e4 f6 19. Ne1 Ne6 20. Nf3 Nc5 21. Rd2 Nb3 22. Rd3 f5 23. Bxe5 Bxe5 24. Nxe5 Qxe5 25. Re3 Nd4 26. Qd2 fxe4 27. Bh5 Rd8 28. Qc3 Bf5 29. f3 c5 30. Rfe1 Rf8 31. fxe4 Be6 32. Bd1 Rf6 33. Rg3 Bd7 0-1

[Event "Titled Tuesday intern op 14th Jan Early"]
[Site "Chess.com INT"]
[Date "2025.01.14"]
[Round "7"]
[White "Bykovskiy, Oleg"]
[Black "Fabris, Alberto"]
[Result "0-1"]
[WhiteElo "2206"]
[BlackElo "2230"]
[PlyCount "136"]
[EventDate "2025.01.14"]
[EventType "swiss (blitz)"]
[EventRounds "11"]
[EventCountry "USA"]
[SourceTitle "CB04_2025"]
[SourceDate "2025.01.22"]
[SourceVersion "1"]
[SourceVersionDate "2025.01.22"]
[SourceQuality "1"]

1. d4 Nf6 2. c4 e6 3. Nc3 Bb4 4. Bd2 0-0 5. e3 b6 6. Nf3 Bb7 7. Be2 Bxc3 8. Bxc3 Ne4 9. Qc2 f5 10. b4 d6 11. Bb2 Nd7 12. Rc1 Qe8 13. 0-0 Qg6 14. d5 e5 15. Ne1 a5 16. a3 axb4 17. axb4 Ndf6 18. f3 Ng5 19. Bd3 e4 20. Be2 Nd7 21. Qc3 Nf7 22. fxe4 fxe4 23. Rf4 Nfe5 24. Qd4 Rxf4 25. exf4 Ng4 26. Bxg4 Qxg4 27. Qxe4 Ra2 28. Nd3 Nf6 29. Bxf6 gxf6 30. Nf2 Qg6 31. Qe6+ Qf7 32. f5 b5 33. Ne4 Qxe6 34. fxe6 bxc4 35. Nxf6+ Kf8 36. e7+ Kxe7 37. Nxh7 Bxd5 38. g3 Rg2+ 39. Kf1 Rxh2 40. Re1+ Kd7 41. Nf6+ Kc6 42. b5+ Kc5 43. Nd7+ Kxb5 44. Rb1+ Ka4 45. Rb8 c3 46. Rc8 c2 47. Rxc7 Rh1+ 48. Ke2 c1Q 49. Rxc1 Rxc1 50. Nb6+ Kb5 51. Nxd5 Kc5 52. Ne3 Kd4 53. Nf5+ Ke5 54. Ne3 d5 55. g4 Ke4 56. g5 d4 57. Nd1 Rc2+ 58. Ke1 Rg2 59. Nf2+ Kf3 60. Nd3 Rxg5 61. Kd2 Ke4 62. Nf2+ Kd5 63. Nd3 Rg2+ 64. Kd1 Ke4 65. Ne1 Rh2 66. Nc2 d3 67. Ne1 Ke3 68. Nxd3 Kxd3 0-1

[Event "Titled Tuesday intern op 14th Jan Early"]
[Site "Chess.com INT"]
[Date "2025.01.14"]
[Round "8"]
[White "Neustroev, Victor"]
[Black "Bykovskiy, Oleg"]
[Result "1-0"]
[WhiteElo "2283"]
[BlackElo "2206"]
[PlyCount "69"]
[EventDate "2025.01.14"]
[EventType "swiss (blitz)"]
[EventRounds "11"]
[EventCountry "USA"]
[SourceTitle "CB04_2025"]
[SourceDate "2025.01.22"]
[SourceVersion "1"]
[SourceVersionDate "2025.01.22"]
[SourceQuality "1"]

1. e4 Nf6 2. e5 Nd5 3. d4 d6 4. Nf3 Bg4 5. Be2 e6 6. c4 Nb6 7. Ng5 Bxe2 8. Qxe2 dxe5 9. dxe5 h6 10. Nf3 Bb4+ 11. Nc3 Nc6 12. 0-0 Bxc3 13. bxc3 0-0 14. Ba3 Re8 15. Rad1 Qc8 16. c5 Nd5 17. Bb2 b6 18. c4 Nf4 19. Qe4 bxc5 20. Qxc6 Rb8 21. Ba1 Rb4 22. Qxc5 Qb7 23. Qe3 Rxc4 24. Rd4 Rxd4 25. Bxd4 Nd5 26. Qa3 a6 27. Rc1 Nf4 28. Qe3 Nd5 29. Qe4 Qb4 30. h4 Rc8 31. Qe1 Qa4 32. Qe2 Nf4 33. Qd2 Nd5 34. Qc2 c5 35. Qxa4 1-0

[Event "Titled Tuesday intern op 14th Jan Early"]
[Site "Chess.com INT"]
[Date "2025.01.14"]
[Round "2"]
[White "Odeh, Kenneth"]
[Black "Bykovskiy, Oleg"]
[Result "0-1"]
[WhiteElo "1959"]
[BlackElo "2206"]
[PlyCount "56"]
[EventDate "2025.01.14"]
[EventType "swiss (blitz)"]
[EventRounds "11"]
[EventCountry "USA"]
[SourceTitle "CB04_2025"]
[SourceDate "2025.01.22"]
[SourceVersion "1"]
[SourceVersionDate "2025.01.22"]
[SourceQuality "1"]

1. e4 Nf6 2. e5 Nd5 3. d4 d6 4. Bc4 Nb6 5. Bb3 Bf5 6. Nf3 dxe5 7. Nxe5 e6 8. 0-0 Bd6 9. c3 Bxe5 10. dxe5 Nc6 11. Bf4 0-0 12. Nd2 Nd5 13. Bg3 Qg5 14. Nf3 Qg6 15. Nh4 Qg5 16. Nxf5 Qxf5 17. Bxd5 Rad8 18. c4 exd5 19. cxd5 Nxe5 20. Re1 Nc4 21. Bxc7 Rxd5 22. Qb3 Nd2 23. Qxb7 Rb5 24. Qxa7 Rxb2 25. Qa3 Rc2 26. Bd6 Nc4 27. Qc5 Nxd6 28. Qxd6 Qxf2+ 0-1

[Event "Titled Tuesday intern op 14th Jan Early"]
[Site "Chess.com INT"]
[Date "2025.01.14"]
[Round "5"]
[White "Tsyhanchuk, Stanislav"]
[Black "Bykovskiy, Oleg"]
[Result "1-0"]
[WhiteElo "2273"]
[BlackElo "2206"]
[PlyCount "53"]
[EventDate "2025.01.14"]
[EventType "swiss (blitz)"]
[EventRounds "11"]
[EventCountry "USA"]
[SourceTitle "CB04_2025"]
[SourceDate "2025.01.22"]
[SourceVersion "1"]
[SourceVersionDate "2025.01.22"]
[SourceQuality "1"]

1. d4 Nf6 2. Nf3 e6 3. c4 d5 4. g3 Be7 5. Bg2 0-0 6. 0-0 dxc4 7. Qc2 a6 8. a4 Bd7 9. Rd1 Bc6 10. Nc3 Nbd7 11. e4 b5 12. d5 exd5 13. e5 Ne4 14. Nxd5 Nec5 15. Nd4 Nxe5 16. Nxe7+ Qxe7 17. Nxc6 Nxc6 18. Bxc6 Rad8 19. Be3 Nd3 20. axb5 axb5 21. Bxb5 Ne5 22. Qe4 Qf6 23. Rxd8 Rxd8 24. Ra8 Nf3+ 25. Kg2 Ne1+ 26. Kf1 Nd3 27. Qe8+ 1-0

[Event "Titled Tuesday intern op 14th Jan Early"]
[Site "Chess.com INT"]
[Date "2025.01.14"]
[Round "10"]
[White "Valente, Sofia"]
[Black "Bykovskiy, Oleg"]
[Result "0-1"]
[WhiteElo "1911"]
[BlackElo "2206"]
[PlyCount "66"]
[EventDate "2025.01.14"]
[EventType "swiss (blitz)"]
[EventRounds "11"]
[EventCountry "USA"]
[SourceTitle "CB04_2025"]
[SourceDate "2025.01.22"]
[SourceVersion "1"]
[SourceVersionDate "2025.01.22"]
[SourceQuality "1"]

1. e4 Nf6 2. e5 Nd5 3. d4 d6 4. Nf3 Bg4 5. c4 Nb6 6. exd6 exd6 7. Nc3 Be7 8. Be2 Nc6 9. b3 0-0 10. 0-0 Bf6 11. Be3 d5 12. cxd5 Nxd5 13. Nxd5 Qxd5 14. Bc4 Qh5 15. Be2 Rad8 16. h3 Bf5 17. Rc1 Qg6 18. Kh1 Be4 19. b4 Nxd4 20. Bxd4 Bxd4 21. Rxc7 Bxf2 22. Rd7 Rxd7 23. Qxd7 Bg3 24. Bc4 h6 25. Bd5 Bxd5 26. Qxd5 b6 27. Qb7 Bb8 28. Qd5 Qg3 29. Qd2 Re8 30. Qf2 Qf4 31. Kg1 Re3 32. g4 Rxf3 33. Qg2 Rxf1+ 0-1

[Event "Titled Tuesday intern op 07th Jan Early"]
[Site "Chess.com INT"]
[Date "2025.01.07"]
[Round "9"]
[White "Fawaz, Nadia"]
[Black "Bykovskiy, Oleg"]
[Result "0-1"]
[WhiteElo "1763"]
[BlackElo "2206"]
[PlyCount "112"]
[EventDate "2025.01.07"]
[EventType "swiss (blitz)"]
[EventRounds "11"]
[EventCountry "USA"]
[SourceTitle "CB03_2025"]
[SourceDate "2025.01.15"]
[SourceVersion "1"]
[SourceVersionDate "2025.01.15"]
[SourceQuality "1"]

1. e4 Nf6 2. e5 Nd5 3. c4 Nb6 4. d4 d6 5. exd6 exd6 6. Nc3 Be7 7. Nf3 0-0 8. Be3 Bg4 9. Bd3 Nc6 10. 0-0 Re8 11. h3 Bh5 12. Qc2 Bg6 13. Bxg6 hxg6 14. Ne2 d5 15. b3 Bf6 16. Rad1 a5 17. Nf4 Nb4 18. Qd2 dxc4 19. a3 N4d5 20. Nxd5 Qxd5 21. b4 axb4 22. Qxb4 Ra4 23. Qb2 Qa5 24. Bd2 Qa6 25. Bb4 Nd5 26. Bc5 c3 27. Qb3 c6 28. Rb1 b5 29. Rfe1 Rxe1+ 30. Rxe1 Qc8 31. Ne5 Bxe5 32. Rxe5 Rc4 33. Qc2 Qb8 34. Re2 b4 35. axb4 Nxb4 36. Qb3 Qb5 37. Bxb4 Qxb4 38. Qa2 Qa4 39. Qb1 Rb4 40. Qc1 Rxd4 41. Qxc3 Qd1+ 42. Re1 Qd2 43. Re8+ Kh7 44. Qxc6 Qd1+ 45. Kh2 Rd7 46. Qe4 Qd6+ 47. g3 Qd4 48. Qf3 Qf6 49. Qe3 Qf5 50. Re4 g5 51. Rg4 f6 52. Re4 Rb7 53. Re8 Rb2 54. Kg2 Qd5+ 55. Kh2 Qf5 56. Kg2 Kg6 0-1

[Event "Titled Tuesday intern op 07th Jan Early"]
[Site "Chess.com INT"]
[Date "2025.01.07"]
[Round "4"]
[White "Le, Trong De Toan"]
[Black "Bykovskiy, Oleg"]
[Result "0-1"]
[WhiteElo "1972"]
[BlackElo "2206"]
[PlyCount "60"]
[EventDate "2025.01.07"]
[EventType "swiss (blitz)"]
[EventRounds "11"]
[EventCountry "USA"]
[SourceTitle "CB03_2025"]
[SourceDate "2025.01.15"]
[SourceVersion "1"]
[SourceVersionDate "2025.01.15"]
[SourceQuality "1"]

1. Nf3 Nf6 2. g3 e6 3. Bg2 d5 4. 0-0 Be7 5. d3 0-0 6. Nbd2 a6 7. e4 Nbd7 8. e5 Ne8 9. d4 c5 10. c3 f6 11. exf6 Bxf6 12. Re1 cxd4 13. Nxd4 Bxd4 14. cxd4 Qf6 15. Nf3 Nd6 16. Bg5 Qg6 17. Be7 Nf5 18. Bxf8 Nxf8 19. Rc1 Bd7 20. Ne5 Qf6 21. Nxd7 Nxd7 22. Rc7 Nb6 23. Rxb7 Nc4 24. Qb3 Rf8 25. Rb8 Nxd4 26. Rxf8+ Qxf8 27. Qd3 Qf6 28. b3 Ne5 29. f3 Nxd3 30. Re3 Nb4 0-1

[Event "Titled Tuesday intern op 07th Jan Early"]
[Site "Chess.com INT"]
[Date "2025.01.07"]
[Round "10"]
[White "Trifonov, Denis"]
[Black "Bykovskiy, Oleg"]
[Result "1-0"]
[WhiteElo "2163"]
[BlackElo "2206"]
[PlyCount "79"]
[EventDate "2025.01.07"]
[EventType "swiss (blitz)"]
[EventRounds "11"]
[EventCountry "USA"]
[SourceTitle "CB03_2025"]
[SourceDate "2025.01.15"]
[SourceVersion "1"]
[SourceVersionDate "2025.01.15"]
[SourceQuality "1"]

1. e4 Nf6 2. e5 Nd5 3. c4 Nb6 4. d4 d6 5. f4 dxe5 6. fxe5 Bf5 7. Nc3 e6 8. Be3 Bb4 9. Qd2 c5 10. 0-0-0 Nc6 11. dxc5 Qxd2+ 12. Bxd2 Bxc5 13. Nf3 Nd7 14. Bf4 Rd8 15. a3 a5 16. Bd3 0-0 17. Bxf5 exf5 18. Rhe1 h6 19. h4 Rfe8 20. Rd5 Ne7 21. Rd3 Ng6 22. g3 Nxf4 23. gxf4 Bf2 24. Red1 Re7 25. Nd5 Re6 26. Nc7 Re7 27. e6 fxe6 28. Ne5 Rc8 29. Rxd7 Rxc7 30. Rd8+ Kh7 31. h5 Be3+ 32. Kb1 g5 33. hxg6+ Kg7 34. Rf1 Kf6 35. Rf3 Bxf4 36. Rxf4 Kxe5 37. Rh4 Kf6 38. Rxh6 Rg7 39. Rf8+ Kg5 40. Rh1 1-0

[Event "Titled Tuesday intern op 07th Jan Early"]
[Site "Chess.com INT"]
[Date "2025.01.07"]
[Round "3"]
[White "Yang, Kaiqi"]
[Black "Bykovskiy, Oleg"]
[Result "1-0"]
[WhiteElo "2481"]
[BlackElo "2206"]
[PlyCount "57"]
[EventDate "2025.01.07"]
[EventType "swiss (blitz)"]
[EventRounds "11"]
[EventCountry "USA"]
[SourceTitle "CB03_2025"]
[SourceDate "2025.01.15"]
[SourceVersion "1"]
[SourceVersionDate "2025.01.15"]
[SourceQuality "1"]

1. d4 Nf6 2. Nc3 d5 3. Bf4 e6 4. Nb5 Na6 5. e3 c5 6. c3 Be7 7. Nf3 0-0 8. a4 Bd7 9. Ne5 Bc6 10. Bd3 c4 11. Bc2 Bxb5 12. axb5 Nc7 13. Qf3 Nxb5 14. Qh3 Nd6 15. g4 Nfe4 16. f3 f6 17. fxe4 fxe5 18. exd5 g6 19. dxe5 Nf7 20. d6 Bg5 21. Qg2 Qb6 22. 0-0-0 a5 23. Qe4 a4 24. Qxc4 a3 25. bxa3 Rxa3 26. Rhf1 Bxf4 27. Qxf4 Rxc3 28. Kd2 Qa5 29. Ke1 1-0